Born in Santiago de Chile - Statistics

General Stats
  • This quiz has been taken 29 times
  • The average score is 13 of 21
Answer Stats
Hint Answer % Correct
President of Chile from 1970 to 1973, he was ousted in a coup d'état and committed suicide 1908 Salvador Allende
96%
President of the Chilean Senate from 2014 to 2015 and daughter of a former president of Chile 1945 Isabel Allende
92%
Footballer who plays for Flamengo and the Chilean national team (former Juventus, Barcelona, Bayern and Inter Milan player) 1987 Arturo Vidal
85%
President of Chile from 2006 to 2010 and again from 2014 to 2018, first elected female leader in South America 1951 Michelle Bachelet
85%
Billionaire businessman and President of Chile from 2010 to 2014 and again from 2018 to 2022 1949 Sebastián Piñera
85%
President of Chile from 2000 to 2006 1938 Ricardo Lagos
81%
Chilean-American actor, "The Mandalorian" "Narcos" "Game of Thrones" 1975 Pedro Pascal
73%
Footballer who plays for Atlético Mineiro and the Chilean national team (former Napoli, Valencia and Hoffenheim player) 1989 Eduardo Vargas
69%
Footballer who plays for Bologna and the Chilean national team (former Inter Milan, Besiktas and Sevilla player) 1987 Gary Medel
69%
Football coach of Real Betis (former coach of Real Madrid, Manchester City, West Ham and Villarreal) 1953 Manuel Pellegrini
65%
Former tennis player, first Latin American male player to become world No. 1 and Australian Open finalist 1975 Marcelo Ríos
65%
Former tennis player, Australian Open finalist and winner of a Olympic medal in every color 1980 Fernando González
58%
General and one of the leaders of the Chilean War of Independence 1785 José Miguel Carrera
58%
Former footballer who played for Universidad de Chile and the Chilean national team, he is considered one of the best Chilean and South American players 1936 Leonel Sánchez
58%
President of Chile from 1958 to 1964 1896 Jorge Alessandri
54%
Head of Chile's secret police during the dictatorship of Pinochet, he was serving a sentence of 529 years at his death 1929 Manuel Contreras
46%
Director, "Jackie" "Spencer" "Neruda" 1976 Pablo Larrain
38%
Former racing driver and only Chilean who drove in a Formula One race 1954 Eliseo Salazar
23%
Former tennis player, first Latin American person to be ranked World Number 1 and win a Grand Slam 1915 Anita Lizana
19%
Secretary General of the Organization of American States from 2005 to 2015 and Chilean Minister of the Interior from 2000 to 2005 1943 José Miguel Insulza
19%
Former tennis player and twice French Open finalist 1932 Luis Ayala
12%
No matching quizzes found
Score Distribution
Percent of People with Each Score
Percentile by Number Answered
Your Score History
You have not taken this quiz